Catálogo público

(Record no. 184154)

MARC details
000 -CABECERA
campo de control de longitud fija 01495nam a2200265Ia 4500
001 - NÚMERO DE CONTROL
campo de control IA_The study also takes into account that organic products are being developed in the Laguna Blanca S. P. R. of R. L. company. They involve the use of the byproducts created by the rice processing (Husk, powder, impurities, vains and ash), is given an aggregate value. This means that products are recycled into the field to contribute to the improvement of the land and thus obtain good-quality organic products with acceptable yields and lower production costs because it is not necessary to purchase some inputs to create organic products incorporate into the soil.
008 - DATOS DE LONGITUD FIJA--INFORMACIÓN GENERAL
campo de control de longitud fija 220117s xx 000 0 und d
010 ## - NÚMERO DE CONTROL DE LA BIBLIOTECA DEL CONGRESO
Número de control de LC 184154
530 ## - NOTA DE FORMATO FÍSICO ADICIONAL DISPONIBLE
Nota de formato físico adicional disponible Disponible en PDF
583 ## - NOTA DE ACCIÓN
Acción 1 ej. Imp. ; 2 ej. en CD
650 ## - PUNTO DE ACCESO ADICIONAL DE MATERIA--TÉRMINO DE MATERIA
Término de materia o nombre geográfico como elemento de entrada Arroz
Subdivisión general Control de enfermedades
9 (RLIN) 156450
650 ## - PUNTO DE ACCESO ADICIONAL DE MATERIA--TÉRMINO DE MATERIA
Término de materia o nombre geográfico como elemento de entrada Arroz
Subdivisión general Control de plagas
9 (RLIN) 156451
650 ## - PUNTO DE ACCESO ADICIONAL DE MATERIA--TÉRMINO DE MATERIA
Término de materia o nombre geográfico como elemento de entrada Biofertilizantes
9 (RLIN) 12734
650 ## - PUNTO DE ACCESO ADICIONAL DE MATERIA--TÉRMINO DE MATERIA
Término de materia o nombre geográfico como elemento de entrada Biofertilizers
9 (RLIN) 156452
650 ## - PUNTO DE ACCESO ADICIONAL DE MATERIA--TÉRMINO DE MATERIA
Término de materia o nombre geográfico como elemento de entrada Fertilizantes orgánicos
Subdivisión general Producción
9 (RLIN) 156453
650 ## - PUNTO DE ACCESO ADICIONAL DE MATERIA--TÉRMINO DE MATERIA
Término de materia o nombre geográfico como elemento de entrada Organic fertilizers
Subdivisión general Production
9 (RLIN) 156454
650 ## - PUNTO DE ACCESO ADICIONAL DE MATERIA--TÉRMINO DE MATERIA
Término de materia o nombre geográfico como elemento de entrada Rice
Subdivisión general Disease Control
9 (RLIN) 156455
650 ## - PUNTO DE ACCESO ADICIONAL DE MATERIA--TÉRMINO DE MATERIA
Término de materia o nombre geográfico como elemento de entrada Rice
Subdivisión general Pest control
9 (RLIN) 156456
700 ## - PUNTO DE ACCESO ADICIONAL--NOMBRE DE PERSONA
Nombre de persona Ascencio Rivera, Rogelio, asesor
9 (RLIN) 163690
700 1# - PUNTO DE ACCESO ADICIONAL--NOMBRE DE PERSONA
Nombre de persona Ponce Hernández, Pedro
9 (RLIN) 147918
700 ## - PUNTO DE ACCESO ADICIONAL--NOMBRE DE PERSONA
Nombre de persona Reyna Izaguirre, Diana América, asesor
9 (RLIN) 163691
942 ## - ELEMENTOS DE PUNTO DE ACCESO ADICIONAL (KOHA)
Tipo de ítem Koha

No items available.